Deutsche Großstädte - Statistiken

Allgemein
  • Dieses Quiz wurde 135 mal gespielt
  • Das Durchschnittsergebnis liegt bei 63 aus 82
Antwortstatistiken
Platz Stadt Bundesland Einwohner % Korrekt
1. Berlin Berlin 3.755.000
100%
2. Hamburg Hamburg 1.892.00
100%
4. Köln NRW 1.085.000
100%
3. München Bayern 1.512.00
100%
9. Dortmund NRW 593.000
99%
5. Frankfurtam Main Hessen 773.000
99%
11. Bremen Bremen 569.000
97%
7. Düsseldorf NRW 629.000
97%
12. Dresden Sachsen 563.000
95%
10. Essen NRW 585.000
95%
14. Nürnberg Bayern 523.000
95%
6. Stuttgart BW 633.00
95%
13. Hannover Niedersachsen 545.000
94%
30. Kiel SH 248.000
94%
8. Leipzig Sachsen 616.000
93%
37. Erfurt Thüringen 215.000
90%
32. Magdeburg Sachsen-Anhalt 239.000
89%
35. Mainz Rheinland-Pfalz 221.000
89%
23. Augsburg Bayern 301.000
88%
15. Duisburg NRW 502.000
88%
21. Mannheim BW 316.000
87%
24. Wiesbaden Hessen 283.000
87%
27. Aachen NRW 252.000
86%
16. Bochum NRW 366.000
86%
43. Saarbrücken Saarland 182.000
86%
18. Bielefeld NRW 338.000
85%
33. Freiburg imBreisgau BW 236.000
85%
42. Potsdam Brandenburg 186.000
85%
39. Rostock MV 210.000
85%
19. Bonn NRW 336.000
83%
26. Gelsenkirchen NRW 263.000
83%
22. Karlsruhe BW 309.000
83%
49. Leverkusen NRW 166.000
83%
25. Mönchen-gladbach NRW 268.000
82%
29. Chemnitz Sachsen 249.000
81%
40. Kassel Hessen 204.000
80%
48. Osnabrück Niedersachsen 167.000
80%
28. Braunschweig Niedersachsen 252.000
79%
75. Jena Thüringen 111.000
79%
36. Lübeck SH 218.000
79%
60. Ulm BW 129.000
79%
17. Wuppertal NRW 359.000
78%
69. Bremerhaven Bremen 115.000
77%
51. Darmstadt Hessen 162.000
77%
20. Münster NRW 321.000
77%
64. Wolfsburg Niedersachsen 126.000
77%
31. Halle (Saale) Sachsen-Anhalt 242.000
76%
57. Ingolstadt Bayern 141.000
76%
73. Trier Rheinland-Pfalz 112.000
76%
82. Kaiserslautern Rheinland-Pfalz 101.000
75%
70. Koblenz Rheinland-Pfalz 115.000
75%
59. Fürth Bayern 131.000
74%
50. Heidelberg BW 162.000
74%
38. Oberhausen NRW 211.000
71%
55. Paderborn NRW 155.000
71%
53. Regensburg Bayern 157.000
71%
63. Würzburg Bayern 128.000
71%
46. Oldenburg Niedersachsen 173.000
70%
45. Ludwigshafenam Rhein Rheinland-Pfalz 174.000
69%
58. Offenbacham Main Hessen 135.000
69%
34. Krefeld NRW 228.000
68%
65. Göttingen Niedersachsen 119.000
66%
44. Hamm NRW 181.000
66%
68. Erlangen Bayern 117.000
63%
41. Hagen NRW 190.000
63%
54. Herne NRW 157.000
62%
52. Solingen NRW 161.000
62%
71. BergischGladbach NRW 113.000
60%
78. Siegen NRW 103.000
60%
80. Hildesheim Niedersachsen 102.000
57%
47. Mülheim an der Ruhr NRW 172.000
57%
62. Pforzheim BW 128.000
57%
61. Heilbronn BW 128.000
55%
66. Bottrop NRW 118.000
52%
81. Hanau Hessen 101.000
52%
56. Neuss NRW 154.000
52%
67. Reutlingen BW 118.000
52%
74. Recklinghausen NRW 112.000
51%
76. Moers NRW 105.000
49%
79. Gütersloh NRW 102.000
48%
77. Salzgitter Niedersachsen 105.000
45%
72. Remscheid NRW 113.000
39%
Keine übereinstimmenden Quizze gefunden
Verteilung der Resultate
Anzahl Personen mit jedem Resultat
Perzentil nach korrekt beantworteten Fragen
Ihre Resultats-Entwicklung
Sie haben dieses Quiz noch nicht gespielt